Les pilotes Renault/Alpine en Formule 1 - Statistiques

Statistiques générales
  • Ce quiz a été pris 3 193 fois
    224 depuis la dernière actualisation
  • Le résultat moyen est 15 sur 29
Statistiques - réponses
Nb de Grands Prix Saisons Nationalité Pilote % Correct
149 2003-2006, 2008-2009, 2021-2022 Espagne Fernando Alonso
99%
61 2023- France Pierre Gasly
99%
106 2020-2024 France Esteban Ocon
98%
62 2017-2019 Allemagne Nico Hülkenberg
86%
46 1981-1983 France Alain Prost
83%
38 2019-2020 Australie Daniel Ricciardo
81%
9 2025 Argentine Franco Colapinto
76%
25 2017-2018 Espagne Carlos Sainz
71%
7 2024-2025 Australie Jack Doohan
69%
21 2016 Danemark Kevin Magnussen
67%
19 2010 Pologne Robert Kubica
63%
3 2004 Canada Jacques Villeneuve
57%
53 2005-2007 Italie Giancarlo Fisichella
53%
28 2008-2009 Brésil Nelson Piquet Jr.
53%
7 2009 France Romain Grosjean
52%
8 2011 Brésil Bruno Senna
49%
48 2002-2004 Italie Jarno Trulli
48%
35 2016-2017 Royaume-Uni Jolyon Palmer
43%
38 2010-2011 Russie Vitaly Petrov
43%
17 2007 Finlande Heikki Kovalainen
38%
58 1979-1982 France René Arnoux
38%
45 1977-1980 France Jean-Pierre Jabouille
32%
17 2002 Royaume-Uni Jenson Button
32%
11 2011 Allemagne Nick Heidfeld
25%
30 1984-1985 France Patrick Tambay
25%
15 1983 Etats-Unis Eddie Cheever
14%
31 1984-1985 Royaume-Uni Derek Warwick
13%
1 1984 France Philippe Streiff
9%
1 1985 France François Hesnault
5%
Aucun quiz correspondant
Distribution des résultats
% des personnes avec chaque résultat
Percentile par nombre de réponses
Votre historique - résultats
Vous n’avez pas pris ce quiz depuis la dernière actualisation